US Number One Singles - 1970 - Statistics

General Stats
  • This quiz has been taken 76 times
  • The average score is 15 of 21
Answer Stats
Hint Answer % Correct
Bridge Over Troubled Waters Simon And Garfunkel
98%
Let It Be The Beatles
98%
The Long And Winding Road The Beatles
98%
My Sweet Lord George Harrison
93%
(They Long To Be) Close To You Carpenters
88%
Cracklin' Rosie Neil Diamond
85%
Make It With You Bread
70%
Mama Told Me Not To Come Three Dog Night
70%
War Edwin Starr
68%
Raindrops Keep Falling On My Head BJ Thomas
67%
American Woman / No Sugar Tonight Guess Who
67%
Ain't No Mountain High Enough Diana Ross
63%
Tears Of A Clown Smokey Robinson And The Miracles
63%
I Want You Back Jackson Five
60%
ABC Jackson Five
60%
The Love You Save Jackson Five
60%
I'll Be There Jackson Five
60%
Everything Is Beautiful Ray Stevens
60%
Venus Shocking Blue
52%
I Think I Love You Partridge Family
47%
Thank You (Falettinme Be Mice Elf Agin) Sly And The Family Stone
38%
No matching quizzes found
Score Distribution
Percent of People with Each Score
Percentile by Number Answered
Your Score History
You have not taken this quiz